书目信息 |
| 题名: |
项目管理
|
|
| 作者: | 曾赛星 主编 | |
| 分册: | ||
| 出版信息: | 北京 北京师范大学出版社 2007 |
|
| 页数: | 11,449页 | |
| 开本: | 23cm | |
| 丛书名: | ||
| 单 册: | ||
| 中图分类: | F224.5 | |
| 科图分类: | ||
| 主题词: | 项目管理--高等学校--教材 , 项目管理 | |
| 电子资源: | ||
| ISBN: | 978-7-303-08316-9 | |
| 000 | 00975nam0 2200265 45 | |
| 001 | 1029844511 | |
| 005 | 20100428144709.73 | |
| 010 | @a978-7-303-08316-9@dCNY39.00 | |
| 100 | @a20100419d2007 em y0chiy0110 ea | |
| 101 | 0 | @achi |
| 102 | @aCN@b110000 | |
| 105 | @ay z 000yy | |
| 106 | @ar | |
| 200 | 1 | @a项目管理@AXiang Mu Guan Li@dProject management@f曾赛星主编@FZeng Sai Xing Zhu Bian@zeng |
| 210 | @a北京@c北京师范大学出版社@d2007 | |
| 215 | @a11,449页@d23cm | |
| 300 | @a新世纪高等学校教材 工商管理本土化系列教材 | |
| 330 | @a本书主要内容包括:项目管理概论、项目启动与范围管理、项目时间管理、项目费用管理、项目质量管理、项目组织与人力资源管理、项目沟通管理、项目风险管理、项目采购管理、项目融资管理、项目管理软件等。 | |
| 510 | 1 | @aProject management@zeng |
| 606 | 0 | @a项目管理@x高等学校@j教材 |
| 606 | 0 | @a项目管理 |
| 690 | @aF224.5@v4 | |
| 701 | 0 | @a曾赛星@AZeng Sai Xing@4主编 |
| 801 | 0 | @aCN@bTANGWEI@c20100428 |
| 905 | @b0593003-07@dF224.5@e378@f5 | |
| 项目管理=Project management/曾赛星主编.-北京:北京师范大学出版社,2007 |
| 11,449页;23cm |
| 新世纪高等学校教材 工商管理本土化系列教材 |
| ISBN 978-7-303-08316-9:CNY39.00 |
| 本书主要内容包括:项目管理概论、项目启动与范围管理、项目时间管理、项目费用管理、项目质量管理、项目组织与人力资源管理、项目沟通管理、项目风险管理、项目采购管理、项目融资管理、项目管理软件等。 |
| ● |
| 相关链接 |
|
|
|
|
正题名:项目管理
索取号:F224.5/378
 
预约/预借
| 序号 | 登录号 | 条形码 | 馆藏地/架位号 | 状态 | 备注 |
| 1 | 0593003 | 205930037 | 第一样本阅览室/ [索取号:F224.5/378] | 在馆 | |
| 2 | 0593004 | 205930046 | 第一借阅区/ [索取号:F224.5/378] | 在馆 | |
| 3 | 0593005 | 205930055 | 第一借阅区/ [索取号:F224.5/378] | 在馆 | |
| 4 | 0593006 | 205930064 | 第一借阅区/ [索取号:F224.5/378] | 在馆 | |
| 5 | 0593007 | 205930073 | 第一借阅区/ [索取号:F224.5/378] | 在馆 |